000 00605nam a2200193Ii 4500
003 JO-AjNU
008 230605s9999||||xx |||||||||||||| ||und||
040 _aJO-AjNU
_bara
_erda
_cJO-AjNU
041 _aara
050 1 4 _aBP76.S4
100 3 _aالشرقاوي،محمود,
_eauthor
_920777
245 0 0 _aأهل البيت
264 3 1 _aبيروت:منشورات المكتبة العصرية ،د.ت
300 _a193ص
336 _atext
_btxt
_2rdacontent
337 _aunmediated
_bn
_2rdamedia
338 _avolume
_bnc
_2rdacarrier
650 4 _aالسيرة النبوية-اهل البيت
_920778
999 _aA7105
_c10673
_d10673